000 nam a22 7a 4500
999 _c8760
_d8760
008 180119b ||||| |||| 00| 0 eng d
100 _aMittal R S
_95101
245 _aLab Manual Science
260 _aNew Delhi
_bArya Publication
_c2008